000 00321nam a2200121Ia 4500
008 151213s9999 xx 000 0 und d
245 _aMedium Term Budget any Finance . Work 2005 - 06 - 07 - 08
_bII
260 _aDhaka
_bGovt.Govt.
_c2005
300 _a2357 p.
650 _aEconomics
650 _aEconomics
999 _c1666
_d1666